000 01107nam a2200253Ia 4500
999 _c53481
_d53481
001 20527
003 GE_BSU
005 20250718163638.0
008 181216s2017||||ge |||||||||||||| ||geo||
020 _a9789941245244
040 _cGE_BSU
041 _ageo
080 _a27-36 თ-54
245 _aთვენი. 1 აპრილი -10 აპრილი. 10 /
_cპროექტ. ავტ. და რედ. : თამარ მამაცაშვილი ; შემდგ. : მანანა ტუაევა ; რედ. : ნ. ახვლედიანი.
264 _aთბილისი :
_bპალიტრა L,
_c2017.
300 _a287 გვ. ;
_c22 სმ.
490 _aჟურნალ "კარიბჭის" ბიბლიოთეკა
541 _h6 ლ.
653 _aთვენი. 1 აპრილი -10 აპრილი. 10
653 _aრელიგია
653 _aმართლმადიდებლური ეკლესია
653 _aწმინდანთა ცხოვრება
942 _cBK
_2udc